000 00768nam a22002177a 4500
005 20091205123232.0
008 091205t xxu||||| |||| 00| 0 eng d
010 _aENG-94659
020 _a9788190807463
_c125.00
035 _aEN-78192
037 _bDBAD/PUB
040 _aDPL
_bENG
082 _a005.133
100 _aDharmarajan, R.
245 _aObject oriented programming in C++ /
_cby R. Dharmarajan
260 _aCoimbatore
_bNavayuga Bharati
_c[200?]
300 _a172 p.
_c21cm (pbk)
650 _aC++ (Computer program language)
942 _2ddc
_cEN
_h005.133
_mDHA
999 _c32142
_d32142